| 000 | 00650nam a2200121Ia 4500 | ||
|---|---|---|---|
| 008 | 220620s9999||||xx |||||||||||||| ||und|| | ||
| 245 | 0 |
_aConstructs of Meaning and Religious Transformation _bCurrent Issues in the Psychology of Religion |
|
| 546 | _aEnglish[eng] | ||
| 650 | _aTheology & Religion||Atheism||Existentialism||God||Meaning-making||Quality of life||Spirituality||Well-being | ||
| 700 | _aWesterink, Herman | ||
| 856 | _uhttps://library.oapen.org/bitstream/20.500.12657/30725/1/643254.pdf||https://library.oapen.org/bitstream/20.500.12657/30725/1/643254.pdf||https://library.oapen.org/bitstream/20.500.12657/30725/1/643254.pdf | ||
| 942 | _cEB | ||
| 999 |
_c25856 _d25856 |
||